00518nam a2200181 a 4500001001300000003000900013005001700022008004100039020002300080082001900103100002100122245008000143260002500223300000900248500003500257650002300292700002100315nice12345678IN_TiNIC20260116015403.0150305s2010 dela grp 000 0 eng  a9788184650747c24000a305.50954bMIC aSvd, S M Michael aDalits` Encounter With Christianityb A Case Study of Mahars in Maharashtra aDelhi bISPCK c2010 a230  aincludes index and biblioraphy aCaste Christianity1 aSvd, S M Michael